|
|
|
|
| LEADER |
00000cam a2200000 7i4500 |
| 001 |
0000020267 |
| 005 |
20080626.0 |
| 008 |
080624 |
| 020 |
|
|
|a 9832440058
|
| 090 |
0 |
0 |
|a 959.503
|b MAT
|
| 100 |
1 |
|
|a Matlob
|
| 245 |
1 |
0 |
|a Imbasan peristiwa bersejarah Johor
|c Matlob, Zam Ismail
|
| 260 |
|
|
|a Johor :
|b Yayasan Warisan Johor ,
|c 2002
|
| 650 |
|
0 |
|a Johor
|x history
|
| 700 |
1 |
|
|a Zam Ismail
|
| 710 |
1 |
|
|a Yayasan Warisan Johor
|
| 999 |
|
|
|a 0000886723
|b Book
|c REFERENCE
|e Cawangan Segamat
|
| 999 |
|
|
|a 0000886724
|b Book
|c REFERENCE
|e Cawangan Tmn. Ungku Tun Aminah
|
| 999 |
|
|
|a 0000886726
|b Book
|c REFERENCE
|e Cawangan Mersing
|
| 999 |
|
|
|a 0001027005
|b Book
|c REFERENCE
|e Perbadanan Perpustakaan Awam Johor
|
| 999 |
|
|
|a 0001027006
|b Book
|c REFERENCE
|e Perbadanan Perpustakaan Awam Johor
|